[Event "Offene Herner Stadtmeisterschaft 2006"]
[Site "?"]
[Date "2006.03.07"]
[Round "4.4"]
[White "Fischoeder, Heiko"]
[Black "Hombrecher, Kai"]
[Result "1-0"]
[WhiteElo "1844"]
[BlackElo "1860"]
[PlyCount "69"]
[EventDate "2006.??.??"]

1. e4 c6 2. d4 d5 3. Nc3 dxe4 4. Nxe4 Bf5 5. Ng3 Bg6 6. Nf3 Nf6 7. h4 h6 8. h5
Bh7 9. Bd3 Bxd3 10. Qxd3 e6 11. Bd2 Be7 12. O-O-O O-O 13. Ne4 Nbd7 14. Nxf6+
Nxf6 15. Qe2 c5 16. dxc5 Qd5 17. Kb1 Qxc5 18. g4 Nxg4 19. Rdg1 Qxf2 20. Qe4 Nf6
21. Qf4 Nh7 22. Rh2 Qb6 23. Be3 e5 24. Qxh6 Qxh6 25. Bxh6 Bf6 26. Bxg7 Bxg7 27.
h6 e4 28. Rxg7+ Kh8 29. Ne5 Rae8 30. Nxf7+ Rxf7 31. Rxf7 e3 32. Re2 Ng5 33.
Rxb7 Nh3 34. Rb3 Rd8 35. Rd3 1-0

[Event "Offene Herner Stadtmeisterschaft 2006"]
[Site "?"]
[Date "2006.03.07"]
[Round "4.5"]
[White "Fieberg, Norbert"]
[Black "Villwock, Martin"]
[Result "1-0"]
[WhiteElo "1775"]
[BlackElo "2189"]
[PlyCount "91"]
[EventDate "2006.??.??"]

1. d4 Nf6 2. Nf3 g6 3. Bg5 Bg7 4. Nbd2 O-O 5. c3 d6 6. e3 Nbd7 7. Bd3 h6 8. Bh4
e5 9. dxe5 dxe5 10. Ne4 Qe7 11. Qc2 b6 12. Nfd2 Bb7 13. O-O-O Qe6 14. Kb1 Nd5
15. Bc4 f5 16. Ng3 e4 17. Ne2 g5 18. Bg3 Ne5 19. Bxe5 Qxe5 20. h4 Rad8 21. hxg5
hxg5 22. Rh5 Qe7 23. Rdh1 a6 24. a4 b5 25. axb5 axb5 26. Bxb5 Nb6 27. Nd4 Ra8
28. Rh7 c5 29. N4b3 Bd5 30. Be2 Rfb8 31. g4 Na4 32. gxf5 Qf7 33. c4 Bc6 34.
R1h6 Qe8 35. Re6 Qd7 36. Rh5 Nxb2 37. Rxg5 Nd3 38. Qc3 Kf8 39. Rxg7 Qxg7 40.
Qxg7+ Kxg7 41. Rxc6 Ra3 42. Rc7+ Kh6 43. Kc2 Ra2+ 44. Kd1 Nxf2+ 45. Ke1 Nh3 46.
Bg4 1-0

[Event "Offene Herner Stadtmeisterschaft 2006"]
[Site "?"]
[Date "2006.03.07"]
[Round "4.6"]
[White "Zwielich, Frank"]
[Black "Raygrotzki, Norbert"]
[Result "1-0"]
[WhiteElo "2019"]
[BlackElo "2045"]
[PlyCount "45"]
[EventDate "2006.??.??"]

1. c4 b6 2. e4 Bb7 3. Nc3 e6 4. d4 Bb4 5. f3 f5 6. exf5 Nh6 7. fxe6 Nf5 8. Bf4
O-O 9. Qd2 dxe6 10. O-O-O Nc6 11. d5 Bxc3 12. Qxc3 exd5 13. Rxd5 Qe7 14. a3
Rad8 15. g4 Qh4 16. Bxc7 Rde8 17. gxf5 Re1+ 18. Rd1 Rfe8 19. Bd3 Qf2 20. Be4
Rxd1+ 21. Kxd1 Qg2 22. Bd5+ Kh8 23. f6 1-0

[Event "Offene Herner Stadtmeisterschaft 2006"]
[Site "?"]
[Date "2006.03.07"]
[Round "4.7"]
[White "Distelrath, Oliver"]
[Black "Wolff, Chrstoph"]
[Result "1-0"]
[WhiteElo "2029"]
[BlackElo "2110"]
[PlyCount "103"]
[EventDate "2006.??.??"]

1. d4 Nf6 2. Nf3 g6 3. Bf4 Bg7 4. e3 c5 5. c3 Qb6 6. Na3 d6 7. Qb3 Qxb3 8. axb3
Nh5 9. Bg5 h6 10. Bh4 g5 11. Bg3 Nxg3 12. hxg3 a6 13. Nb5 Kd8 14. dxc5 dxc5 15.
Na3 Nc6 16. Be2 Bf5 17. O-O-O+ Kc7 18. Bd3 Bg4 19. Rd2 Rad8 20. Be4 b5 21. Bxc6
Rxd2 22. Nxd2 Kxc6 23. Nc2 a5 24. e4 Be6 25. Ne3 Rd8 26. Kc2 Rd6 27. f4 f6 28.
f5 Bf7 29. g4 Rd8 30. Ra1 Ra8 31. c4 e6 32. cxb5+ Kxb5 33. Ndc4 Bf8 34. Rd1 Kc6
35. e5 a4 36. exf6 axb3+ 37. Kc3 exf5 38. Ne5+ Kb5 39. Nxf7 f4 40. Nf5 c4 41.
N7d6+ Kc5 42. Ne4+ Kb5 43. Ne7 Ra7 44. Rd5+ Kb6 45. Nc8+ Kc6 46. Re5 Rc7 47.
Ne7+ Kd7 48. Ng6 Rc8 49. Nxf8+ Rxf8 50. Re7+ Kd8 51. Ra7 Ke8 52. Nd6+ 1-0

[Event "Offene Herner Stadtmeisterschaft 2006"]
[Site "?"]
[Date "2006.03.07"]
[Round "4.11"]
[White "Sikorski, Thomas"]
[Black "Scheibe, Werner"]
[Result "0-1"]
[WhiteElo "1899"]
[BlackElo "1898"]
[PlyCount "52"]
[EventDate "2006.??.??"]

1. c4 Nf6 2. Nf3 e6 3. d4 d5 4. Nc3 c5 5. e3 Nc6 6. cxd5 exd5 7. Bb5 a6 8.
Bxc6+ bxc6 9. O-O cxd4 10. exd4 Be7 11. Re1 O-O 12. Qc2 Re8 13. Bd2 Be6 14. Na4
Ne4 15. Bf4 Rc8 16. Nd2 c5 17. Nxe4 cxd4 18. Nec5 Qa5 19. Rac1 Bd7 20. Qd2 Qb5
21. Nxd7 Bb4 22. Rxc8 Rxc8 23. Qd1 Bxe1 24. Qxe1 Qxd7 25. Nb6 Re8 26. Be5 Qc6
0-1

[Event "Offene Herner Stadtmeisterschaft 2006"]
[Site "?"]
[Date "2006.03.14"]
[Round "5.1"]
[White "Fischoeder, Heiko"]
[Black "Bartel, Mario"]
[Result "1/2-1/2"]
[WhiteElo "1844"]
[BlackElo "2163"]
[PlyCount "91"]
[EventDate "2006.??.??"]

1. e4 e5 2. Nf3 Nc6 3. d4 exd4 4. Nxd4 Nf6 5. Nxc6 bxc6 6. e5 Nd5 7. c4 Nb6 8.
Bd3 Qh4 9. O-O Be7 10. Nd2 Bb7 11. a4 a5 12. Qe2 O-O 13. Nf3 Qh5 14. b3 Rfe8
15. Qe4 d5 16. Qe2 Bb4 17. Bb2 c5 18. cxd5 Bxd5 19. Qc2 Bxf3 20. gxf3 Re6 21.
Bc1 Rxe5 22. Bf4 Re7 23. Be4 Rae8 24. Rad1 Rf8 25. Qd3 f5 26. Bd5+ Kh8 27. Bb7
Qf7 28. Kh1 Rd7 29. Qc2 Rfd8 30. Bc6 Rxd1 31. Rxd1 Rxd1+ 32. Qxd1 Qe7 33. Qd3
g6 34. Qe3 Qxe3 35. fxe3 Kg7 36. Bxc7 Nc8 37. Be5+ Kh6 38. Bf6 Nd6 39. Kg2 g5
40. e4 fxe4 41. fxe4 c4 42. bxc4 Nxc4 43. e5 Bc3 44. Bb5 Nxe5 45. Bxe5 Bxe5 46.
h3 1/2-1/2

[Event "Offene Herner Stadtmeisterschaft 2006"]
[Site "?"]
[Date "2006.03.14"]
[Round "5.2"]
[White "Becker, Marcel"]
[Black "Fieberg, Norbert"]
[Result "1-0"]
[WhiteElo "2313"]
[BlackElo "1775"]
[PlyCount "27"]
[EventDate "2006.??.??"]

1. d4 Nf6 2. c4 e5 3. dxe5 Ng4 4. Bf4 Nc6 5. Nf3 Bb4+ 6. Nbd2 Qe7 7. e3 Ngxe5
8. Nxe5 Nxe5 9. Be2 d6 10. O-O Bf5 11. Nb3 a5 12. a3 Bc5 13. Nxc5 dxc5 14. Qd5
1-0

[Event "Offene Herner Stadtmeisterschaft 2006"]
[Site "?"]
[Date "2006.03.14"]
[Round "5.3"]
[White "Zwielich, Frank"]
[Black "Becker, Jörg"]
[Result "1/2-1/2"]
[WhiteElo "2019"]
[BlackElo "2182"]
[PlyCount "81"]
[EventDate "2006.??.??"]

1. d4 Nf6 2. c4 e6 3. Nc3 Bb4 4. e3 b6 5. Nge2 Bb7 6. a3 Be7 7. Nf4 d6 8. Be2
e5 9. dxe5 dxe5 10. Qxd8+ Bxd8 11. Nfd5 Nxd5 12. cxd5 c6 13. O-O cxd5 14. Rd1
O-O 15. Nxd5 e4 16. b4 Bxd5 17. Rxd5 Bf6 18. Rb1 Nc6 19. Bb2 Rfd8 20. Rxd8+
Rxd8 21. Bxf6 gxf6 22. Rd1 Rxd1+ 23. Bxd1 Ne5 24. Be2 f5 25. h3 Kf8 26. f4 exf3
27. gxf3 Ke7 28. Kf2 a5 29. Bb5 axb4 30. axb4 Kd6 31. Ke2 Nc6 32. Bxc6 Kxc6 33.
Kd3 Kb5 34. Kc3 Ka4 35. Kc4 b5+ 36. Kc5 h6 37. e4 fxe4 38. fxe4 f6 39. h4 h5
40. Kd6 Kxb4 41. Ke6 1/2-1/2

[Event "Offene Herner Stadtmeisterschaft 2006"]
[Site "?"]
[Date "2006.03.14"]
[Round "5.4"]
[White "Scheibe, Werner"]
[Black "Graw, Christopher"]
[Result "1/2-1/2"]
[WhiteElo "1898"]
[BlackElo "2161"]
[PlyCount "100"]
[EventDate "2006.??.??"]

1. e4 d6 2. Nf3 Nf6 3. Nc3 c5 4. d4 cxd4 5. Nxd4 e6 6. Be2 a6 7. a4 b6 8. f4
Qc7 9. O-O Bb7 10. Bf3 Nbd7 11. Kh1 Be7 12. Qe2 O-O 13. Be3 Rac8 14. g4 Nc5 15.
Qg2 e5 16. Nf5 d5 17. exd5 e4 18. Be2 Nxd5 19. Nxd5 Bxd5 20. g5 a5 21. Nd4 f5
22. b3 Ne6 23. c4 Nxd4 24. Bxd4 Bb7 25. Be3 Rcd8 26. Rad1 Rd6 27. Rxd6 Bxd6 28.
Kg1 Bc5 29. Qf2 Rd8 30. Rd1 Rxd1+ 31. Bxd1 Qd6 32. Bc2 Bxe3 33. Qxe3 Bc8 34.
Kf2 h6 35. h4 hxg5 36. hxg5 Kf7 37. Ke1 Be6 38. Qd2 Qc5 39. Kf1 e3 40. Qd3 Ke7
41. Ke2 g6 42. Qxe3 Qxe3+ 43. Kxe3 Kd6 44. Kd4 Bd7 45. Bd1 Bc6 46. Be2 Bb7 47.
Bd3 Bc6 48. Bc2 Bb7 49. Bd3 Bc6 50. Bc2 Bb7 1/2-1/2

[Event "Offene Herner Stadtmeisterschaft 2006"]
[Site "?"]
[Date "2006.03.14"]
[Round "5.5"]
[White "Jungbluth, Michael"]
[Black "Schwarz, Ingo"]
[Result "0-1"]
[WhiteElo "2020"]
[BlackElo "2004"]
[PlyCount "82"]
[EventDate "2006.??.??"]

1. d4 d5 2. c4 c6 3. Nc3 Nf6 4. Nf3 e6 5. Bg5 dxc4 6. e4 b5 7. e5 h6 8. Bh4 g5
9. Nxg5 hxg5 10. Bxg5 Nbd7 11. Be2 Bb7 12. Bf3 Qc7 13. exf6 O-O-O 14. Qc2 Bh6
15. Bxh6 Rxh6 16. O-O-O Nxf6 17. a4 a6 18. h3 Rh4 19. Ne2 Nd5 20. Bxd5 cxd5 21.
g3 Rh6 22. axb5 axb5 23. Qd2 Rdh8 24. h4 Rf6 25. f4 Rg6 26. Rdg1 f5 27. Qb4 Bc6
28. Kc2 Rhg8 29. Qc5 Be8 30. Qa3 Qb7 31. Qb4 R6g7 32. Ra1 Bh5 33. Nc3 Be8 34.
Ra5 Rxg3 35. Nxb5 Bxb5 36. Rxb5 Rg2+ 37. Kd1 Qa7 38. Rc5+ Kd8 39. Qa3 Qxa3 40.
bxa3 Ra2 41. Re1 Rgg2 0-1

[Event "Offene Herner Stadtmeisterschaft 2006"]
[Site "?"]
[Date "2006.03.14"]
[Round "5.6"]
[White "Löffelbein, Klaus"]
[Black "Distelrath, Oliver"]
[Result "0-1"]
[WhiteElo "2034"]
[BlackElo "2029"]
[PlyCount "56"]
[EventDate "2006.??.??"]

1. e4 c6 2. d4 d5 3. exd5 cxd5 4. c4 Nf6 5. Nc3 g6 6. Qb3 Bg7 7. cxd5 O-O 8.
Be2 Nbd7 9. Bf3 Qb6 10. Qa4 e6 11. dxe6 Qxe6+ 12. Nge2 Nb6 13. Qd1 Nfd5 14. O-O
Bd7 15. Nf4 Nxf4 16. Bxf4 Qf5 17. Bg3 Bc6 18. d5 Bd7 19. Qb3 Rac8 20. Be4 Qg5
21. Rfd1 Bxc3 22. bxc3 Ba4 23. Qb4 Bxd1 24. Rxd1 Rc4 25. Qb1 Na4 26. Qc2 b5 27.
Bf3 Nxc3 28. h4 Qf6 0-1

[Event "Offene Herner Stadtmeisterschaft 2006"]
[Site "?"]
[Date "2006.03.14"]
[Round "5.8"]
[White "Hombrecher, Kai"]
[Black "Göldenboog, Jürgen"]
[Result "1/2-1/2"]
[WhiteElo "1860"]
[BlackElo "1994"]
[PlyCount "141"]
[EventDate "2006.??.??"]

1. Nf3 Nf6 2. g3 g6 3. b3 Bg7 4. Bb2 O-O 5. Bg2 c5 6. c4 Nc6 7. O-O d6 8. d4
cxd4 9. Nxd4 Nxd4 10. Bxd4 a5 11. a3 Qc7 12. Nc3 Be6 13. Rc1 Qd7 14. Qd2 Bh3
15. e4 Bxg2 16. Kxg2 Qc6 17. f3 Nd7 18. Bxg7 Kxg7 19. Qd4+ e5 20. Qe3 Qc5 21.
Qxc5 Nxc5 22. b4 Nb3 23. Rcd1 axb4 24. axb4 Nd4 25. Nd5 Ra2+ 26. Rf2 Rxf2+ 27.
Kxf2 Ra8 28. Rd2 Ra3 29. Ne3 f5 30. exf5 gxf5 31. f4 Kf7 32. c5 exf4 33. gxf4
dxc5 34. bxc5 Ra4 35. Rb2 Ne6 36. Rxb7+ Kg6 37. Nd5 Nxf4 38. Nxf4+ Rxf4+ 39.
Kg3 Rc4 40. Rb6+ Kg5 41. c6 Rc3+ 42. Kg2 h5 43. Ra6 h4 44. h3 Rc2+ 45. Kg1 Rc4
46. Kg2 Kf4 47. Rb6 Rc2+ 48. Kg1 Rc3 49. Kg2 Ke3 50. Rb5 Rc2+ 51. Kf1 Kf4 52.
Rb4+ Kg3 53. Rb3+ Kh2 54. Rf3 Rxc6 55. Rxf5 Rc1+ 56. Kf2 Kxh3 57. Rg5 Kh2 58.
Rg2+ Kh3 59. Rg5 Rc3 60. Kg1 Ra3 61. Rg8 Ra1+ 62. Kf2 Kh2 63. Rg2+ Kh1 64. Rg8
h3 65. Rg7 h2 66. Rg8 Rg1 67. Rh8 Rg2+ 68. Kf1 Rg3 69. Rf8 Rg1+ 70. Kf2 Rf1+
71. Kxf1 1/2-1/2

[Event "Offene Herner Stadtmeisterschaft 2006"]
[Site "?"]
[Date "2006.03.14"]
[Round "5.24"]
[White "Pohl, Markus"]
[Black "Reinholz, Benjamin"]
[Result "0-1"]
[WhiteElo "1523"]
[BlackElo "1712"]
[PlyCount "52"]
[EventDate "2006.??.??"]

1. Nf3 Nf6 2. d4 d5 3. Bf4 Bf5 4. e3 e6 5. c4 Bb4+ 6. Nbd2 c5 7. Qa4+ Nc6 8.
cxd5 Nxd5 9. Bb5 O-O 10. Bxc6 bxc6 11. Bg3 cxd4 12. Nxd4 Qb6 13. Nxf5 Bxd2+ 14.
Kxd2 Qxb2+ 15. Kd3 exf5 16. Qd4 Qa3+ 17. Ke2 Rad8 18. Qc4 Qb2+ 19. Kf3 g5 20.
h3 h5 21. Bh2 Rfe8 22. g4 hxg4+ 23. hxg4 Re4 24. Qd3 Qf6 25. Qc2 fxg4+ 26. Ke2
Qf3+ 0-1

[Event "Offene Herner Stadtmeisterschaft 2006"]
[Site "?"]
[Date "2006.03.21"]
[Round "6.1"]
[White "Bartel, Mario"]
[Black "Becker, Marcel"]
[Result "0-1"]
[WhiteElo "2163"]
[BlackElo "2313"]
[PlyCount "90"]
[EventDate "2006.??.??"]

1. e4 e6 2. d4 d5 3. e5 c5 4. c3 Nc6 5. Nf3 Qb6 6. Bd3 cxd4 7. cxd4 Bd7 8. Nc3
Nxd4 9. Nxd4 Qxd4 10. O-O a6 11. Qe2 Ne7 12. Kh1 Nc6 13. f4 Bc5 14. a3 Ba7 15.
Bd2 Qb6 16. b4 Nd4 17. Qd1 Rc8 18. Na4 Qd8 19. Nc5 Bxc5 20. bxc5 Bb5 21. Bxb5+
axb5 22. Rb1 O-O 23. Bc1 Nc6 24. Rxb5 Rc7 25. Bb2 d4 26. Qd3 f6 27. exf6 Qxf6
28. g3 e5 29. Kg2 Qf7 30. Qb3 Qxb3 31. Rxb3 Na5 32. Rd3 Nc4 33. Bc1 Rxc5 34.
Rfd1 Rd8 35. fxe5 Nxe5 36. R3d2 Rcd5 37. Kf2 d3 38. Ra2 Nc4 39. Bd2 Rf8+ 40.
Kg2 Re8 41. Rf1 Re2+ 42. Rf2 Rf5 43. Bf4 Rxa2 44. Rxa2 Rxf4 45. gxf4 d2 0-1

[Event "Offene Herner Stadtmeisterschaft 2006"]
[Site "?"]
[Date "2006.03.21"]
[Round "6.2"]
[White "Becker, Jörg"]
[Black "Fischoeder, Heiko"]
[Result "0-1"]
[WhiteElo "2182"]
[BlackElo "1844"]
[PlyCount "72"]
[EventDate "2006.??.??"]

1. d4 d5 2. c4 e6 3. Nc3 Nf6 4. Nf3 c6 5. Bg5 h6 6. Bxf6 Qxf6 7. e4 dxe4 8.
Nxe4 Bb4+ 9. Ke2 Qe7 10. c5 Ba5 11. Nd6+ Kd8 12. Ne5 Rf8 13. Qb3 Bc7 14. Nxb7+
Bxb7 15. Qxb7 Bxe5 16. Qxa8 Qc7 17. g3 Ke7 18. Bg2 Rc8 19. dxe5 Nd7 20. Qxc6
Qxe5+ 21. Qe4 Qxb2+ 22. Ke3 Rxc5 23. Rhd1 Rc3+ 24. Qd3 Rxd3+ 25. Kxd3 Qxf2 26.
Rd2 Qc5 27. Rad1 f5 28. Ke2 Nf6 29. Bf3 e5 30. Kf1 Qe3 31. Rd3 Qc5 32. Rb3 e4
33. Be2 Nd5 34. Rdb1 Ne3+ 35. Ke1 Nc2+ 36. Kd2 Nd4 {Zeit} 0-1

[Event "Offene Herner Stadtmeisterschaft 2006"]
[Site "?"]
[Date "2006.03.21"]
[Round "6.5"]
[White "Graw, Christopher"]
[Black "Schriewer, Thomas"]
[Result "0-1"]
[WhiteElo "2161"]
[BlackElo "1926"]
[PlyCount "102"]
[EventDate "2006.??.??"]

1. d4 d5 2. c4 c6 3. Nf3 Nf6 4. Nc3 a6 5. c5 Nbd7 6. Bf4 Nh5 7. e3 Nxf4 8. exf4
Qc7 9. g3 g6 10. Bd3 Bg7 11. Qc2 b6 12. b4 Nf6 13. O-O Bh3 14. Rfe1 a5 15. cxb6
Qxb6 16. Na4 Qc7 17. b5 Rc8 18. Rac1 O-O 19. Ne5 Nh5 20. Nxc6 Rfe8 21. Qd2 Qd6
22. Bf1 Bd7 23. Ne5 Nf6 24. f3 Rb8 25. Rb1 Bf5 26. Bd3 Bd7 27. Nc5 Rec8 28.
Rec1 Be8 29. Na6 Ra8 30. Qxa5 Rxc1+ 31. Rxc1 Nh5 32. Qc3 f6 33. Ng4 Nxf4 34.
gxf4 Qxf4 35. Bf1 h5 36. Nf2 Bh6 37. Re1 Qh4 38. Rxe7 Bf4 39. Nh3 Bd6 40. Re6
Bf8 41. Nc7 Bd7 42. Nxa8 Bxe6 43. f4 Bxh3 44. Qxh3 Qxf4 45. Qe6+ Kg7 46. Qxd5
Bd6 47. Qg2 Qxd4+ 48. Kh1 Bc5 49. Nc7 Qe3 50. Nd5 Qd4 51. Qf3 Qg1# 0-1